[Event "DEN-chT XtraCon 2018-19"]
[Site "Denmark"]
[Date "2018.12.09"]
[Round "4"]
[White "Pilgaard, Kim"]
[Black "Borovnica, Tihomir"]
[Result "1-0"]
[WhiteElo "2407"]
[BlackElo "2270"]
[Annotator "ChessBase"]
[PlyCount "131"]
[EventDate "2018.10.27"]
[EventType "team-tourn"]
[EventCountry "DEN"]
[SourceTitle "playchess.com"]
[Source "ChessBase"]
[SourceQuality "1"]
[TimeControl "40/5400+30:1800+30"]

1. d4 {[%emt 0:00:00]} Nf6 {[%emt 0:00:47]} 2. c4 {[%emt 0:00:24]} c5 {[%emt 0:00:06]} 3. d5 {[%emt 0:00:38]} b5 {[%emt 0:00:07]} 4. cxb5 {[%emt 0:00:18]} a6 {[%emt 0:00:05]} 5. bxa6 {[%emt 0:00:20]} g6 {[%emt 0:00:06]} 6. Nc3 {[%emt 0:00:26]} Bxa6 {[%emt 0:00:04]} 7. g3 {[%emt 0:00:24]} d6 {[%emt 0:00:09]} 8. Bg2 {[%emt 0:00:14]} Bg7 {[%emt 0:00:04]} 9. Nf3 {[%emt 0:00:15]} Nbd7 {[%emt 0:00:06]} 10. Rb1 {[%emt 0:00:25]} O-O {[%emt 0:00:05]} 11. O-O {[%emt 0:00:12]} Qa5 {[%emt 0:00:12]} 12. Bd2 {[%emt 0:00:58]} Rfb8 {[%emt 0:06:04]} 13. Qc2 {[%emt 0:01:56]} Bb7 {[%emt 0:00:14]} 14. b3 {[%emt 0:06:23]} Qa7 {[%emt 0:01:40]} 15. e4 {[%emt 0:00:52]} Ba6 {[%emt 0:01:30]} 16. Rfd1 {[%emt 0:01:43]} Ng4 {[%emt 0:03:00]} 17. h3 {[%emt 0:02:51]} Nge5 {[%emt 0:00:11]} 18. Nxe5 {[%emt 0:09:29]} Nxe5 {[%emt 0:00:06]} 19. Be3 {[%emt 0:00:20]} Qc7 {[%emt 0:22:14]} 20. f4 {[%emt 0:01:27]} Nd7 {[%emt 0:01:54]} 21. a4 {[%emt 0:02:19]} Ra7 {[%emt 0:19:36]} 22. Na2 {[%emt 0:15:49]} Nb6 {[%emt 0:22:13]} 23. Rdc1 {[%emt 0:19:05]} Bc8 {[%emt 0:08:07]} 24. Kh2 {[%emt 0:01:48]} Qd8 {[%emt 0:02:39]} 25. Qd2 {[%emt 0:05:35]} Nd7 {[%emt 0:01:49]} 26. Nc3 {[%emt 0:03:17]} Ba6 {[%emt 0:00:10]} 27. b4 {[%emt 0:04:37]} Bxc3 {[%emt 0:00:47]} 28. Qxc3 {[%emt 0:01:06]} cxb4 {[%emt 0:00:13]} 29. Rxb4 {[%emt 0:00:45]} Rxb4 {[%emt 0:02:03]} 30. Qxb4 {[%emt 0:00:25]} Rb7 {[%emt 0:02:28]} 31. Qc3 {[%emt 0:01:08]} Rb8 {[%emt 0:01:35]} 32. e5 {[%emt 0:02:36]} Rc8 {[%emt 0:01:19]} 33. Qd4 {[%emt 0:00:10]} Nc5 {[%emt 0:00:21]} 34. Qd2 {[%emt 0:03:04]} Nxa4 {[%emt 0:00:26]} 35. Rxc8 {[%emt 0:00:28]} Qxc8 {[%emt 0:00:30]} 36. exd6 {[%emt 0:00:53]} exd6 {[%emt 0:00:05]} 37. Bd4 {[%emt 0:02:10]} Nc5 {[%emt 0:00:16]} 38. Qe3 {[%emt 0:00:26]} Bb5 {[%emt 0:00:25]} 39. Qe7 {[%emt 0:00:29]} Nd7 {[%emt 0:02:38]} 40. Qxd6 Qc2 {[%emt 0:00:28]} 41. Kh1 {[%emt 0:34:30]} Qb1+ {[%emt 0:18:40]} 42. Bg1 {[%emt 0:00:00]} Bf1 {[%emt 0:03:29]} 43. Qxd7 {[%emt 0:00:00]} Bxg2+ {[%emt 0:00:09]} 44. Kxg2 {[%emt 0:00:00]} Qe4+ {[%emt 0:00:04]} 45. Kf2 {[%emt 0:00:00]} Qd4+ {[%emt 0:03:04]} 46. Kf3 {[%emt 0:00:00]} Qxg1 {[%emt 0:01:05]} 47. Qe8+ {[%emt 0:00:00]} Kg7 {[%emt 0:00:09]} 48. Qe5+ {[%emt 0:00:00]} Kh6 {[%emt 0:06:25]} 49. d6 {[%emt 0:00:00]} Qf1+ {[%emt 0:00:46]} 50. Ke4 {[%emt 0:00:00]} Qb1+ {[%emt 0:00:47]} 51. Kd5 {[%emt 0:00:00]} Qb5+ {[%emt 0:00:04]} 52. Kd4 {[%emt 0:00:00]} Qb4+ {[%emt 0:01:08]} 53. Ke3 {[%emt 0:00:00]} Qe1+ {[%emt 0:00:08]} 54. Kd3 {[%emt 0:00:00]} Qf1+ 55. Kd4 {[%emt 0:00:00]} Qxh3 56. Qe7 {[%emt 0:00:00]} Qf1 57. Qxf7 {[%emt 0:00:00]} Qa1+ 58. Kc5 {[%emt 0:00:22]} Qa3+ 59. Kc6 {[%emt 0:00:30]} Qa4+ 60. Kb7 {[%emt 0:00:30]} Qb4+ 61. Kc7 {[%emt 0:00:30]} Qc5+ 62. Kd7 {[%emt 0:00:30]} Qa7+ 63. Ke8 {[%emt 0:00:30]} Qa8+ 64. Ke7 {[%emt 0:00:30]} Qa3 65. g4 {[%emt 0:00:30]} Qe3+ 66. Kf8 {[%emt 0:00:30]} 1-0

[Event "DEN-chT XtraCon 2018-19"]
[Site "Denmark"]
[Date "2018.12.09"]
[Round "4"]
[White "Percivaldi, Martin"]
[Black "Jakobsen, Peter"]
[Result "1-0"]
[WhiteElo "2393"]
[BlackElo "2186"]
[Annotator "NA"]
[PlyCount "149"]
[EventDate "2018.10.27"]
[EventType "team-tourn"]
[EventCountry "DEN"]
[SourceTitle "playchess.com"]
[Source "ChessBase"]
[SourceQuality "1"]
[TimeControl "40/5400+30:1800+30"]

1. e4 {[%emt 0:00:00]} c5 {[%emt 0:00:00]} 2. Nf3 {[%emt 0:00:00]} d6 {[%emt 0:00:00]} 3. g3 {[%emt 0:00:00]} Nc6 {[%emt 0:00:06]} 4. Bg2 {[%emt 0:00:06]} g6 {[%emt 0:00:59]} 5. O-O {[%emt 0:00:12]} Bg7 {[%emt 0:00:05]} 6. c3 {[%emt 0:00:12]} e5 {[%emt 0:06:03]} 7. a3 {[%emt 0:01:00]} Nge7 {[%emt 0:00:19]} 8. b4 {[%emt 0:01:14]} a6 {[%emt 0:03:57]} 9. d3 {[%emt 0:00:50]} O-O {[%emt 0:01:33]} 10. Nbd2 {[%emt 0:02:11]} h6 {[%emt 0:08:28]} 11. Bb2 {[%emt 0:10:55]} Be6 {[%emt 0:00:43]} 12. Re1 {[%emt 0:01:15]} Rc8 {[%emt 0:07:25]} 13. Rb1 {[%emt 0:20:48]} Qc7 {[%emt 0:06:57]} 14. d4 {[%emt 0:04:29]} cxd4 {[%emt 0:06:34]} 15. cxd4 {[%emt 0:01:27]} exd4 {[%emt 0:03:35]} 16. Nb3 {[%emt 0:00:39]} Bg4 {[%emt 0:08:44]} 17. Nbxd4 {[%emt 0:05:30]} Nxd4 {[%emt 0:02:43]} 18. Bxd4 {[%emt 0:00:09]} Bxd4 {[%emt 0:08:38]} 19. Qxd4 {[%emt 0:00:03]} Bxf3 {[%emt 0:02:53]} 20. Bxf3 {[%emt 0:00:19]} Nc6 {[%emt 0:00:06]} 21. Qe3 {[%emt 0:03:26]} Ne5 {[%emt 0:00:52]} 22. Be2 {[%emt 0:00:10]} Qc3 {[%emt 0:06:57]} 23. Qxh6 {[%emt 0:04:10]} Qxa3 {[%emt 0:00:20]} 24. Qd2 {[%emt 0:02:24]} Rfd8 {[%emt 0:07:22]} 25. Rec1 {[%emt 0:01:21]} Nf3+ {[%emt 0:10:57]} 26. Bxf3 {[%emt 0:00:46]} Qxf3 {[%emt 0:00:02]} 27. Qd5 {[%emt 0:01:11]} b5 {[%emt 0:01:45]} 28. h4 {[%emt 0:04:43]} Re8 {[%emt 0:00:44]} 29. Rxc8 {[%emt 0:12:30]} Rxc8 {[%emt 0:00:02]} 30. Qxd6 {[%emt 0:00:13]} Qxe4 {[%emt 0:00:49]} 31. Rd1 {[%emt 0:01:01]} Qc6 {[%emt 0:00:39]} 32. Qe5 {[%emt 0:06:14]} Re8 {[%emt 0:00:25]} 33. Qf4 {[%emt 0:01:02]} Qe4 {[%emt 0:00:53]} 34. Qd6 {[%emt 0:04:44]} Qe6 {[%emt 0:00:42]} 35. Qd4 {[%emt 0:01:35]} Rc8 {[%emt 0:01:00]} 36. Qa1 {[%emt 0:01:42]} Qb3 {[%emt 0:01:37]} 37. Rb1 {[%emt 0:00:31]} Qe6 {[%emt 0:00:24]} 38. Re1 {[%emt 0:00:05]} Qc6 {[%emt 0:00:27]} 39. Qe5 {[%emt 0:01:18]} Qc3 {[%emt 0:00:35]} 40. Qe7 {[%emt 0:01:52]} Qc7 {[%emt 0:00:47]} 41. Qg5 {[%emt 0:33:19]} Qc3 {[%emt 0:07:11]} 42. Qe7 {[%emt 0:00:00]} Qc7 {[%emt 0:00:10]} 43. Qf6 {[%emt 0:00:00]} Qc6 {[%emt 0:00:39]} 44. Qe5 {[%emt 0:00:00]} Qc3 {[%emt 0:00:39]} 45. Qe4 {[%emt 0:00:00]} Qc6 {[%emt 0:00:52]} 46. Qf4 {[%emt 0:00:00]} Qc4 {[%emt 0:01:01]} 47. Qd6 {[%emt 0:00:00]} Qc6 {[%emt 0:00:32]} 48. Qe7 {[%emt 0:00:00]} Qc7 {[%emt 0:00:16]} 49. Qe4 {[%emt 0:00:00]} Qc6 {[%emt 0:00:10]} 50. Qg4 {[%emt 0:00:00]} Re8 {[%emt 0:05:51]} 51. Rxe8+ {[%emt 0:00:00]} Qxe8 {[%emt 0:00:01]} 52. h5 {[%emt 0:00:00]} Kg7 {[%emt 0:03:01]} 53. Qd4+ {[%emt 0:00:00]} Kh7 {[%emt 0:01:07]} 54. hxg6+ {[%emt 0:00:00]} fxg6 {[%emt 0:03:53]} 55. Qa7+ {[%emt 0:00:00]} Kh6 {[%emt 0:02:54]} 56. Qe3+ {[%emt 0:00:00]} Qxe3 {[%emt 0:00:01]} 57. fxe3 {[%emt 0:00:00]} a5 {[%emt 0:03:11]} 58. bxa5 {[%emt 0:00:00]} b4 {[%emt 0:00:05]} 59. a6 {[%emt 0:00:00]} b3 {[%emt 0:00:03]} 60. a7 {[%emt 0:00:00]} b2 {[%emt 0:00:03]} 61. a8=Q {[%emt 0:00:00]} b1=Q+ {[%emt 0:00:06]} 62. Kh2 {[%emt 0:00:00]} Qc2+ {[%emt 0:01:35]} 63. Qg2 {[%emt 0:00:00]} Qd3 {[%emt 0:01:10]} 64. Qf3 {[%emt 0:00:00]} Qc2+ {[%emt 0:01:15]} 65. Kh3 {[%emt 0:00:00]} Qd3 {[%emt 0:01:32]} 66. Qf4+ {[%emt 0:00:00]} Kh7 {[%emt 0:00:57]} 67. Qf3 {[%emt 0:01:41]} Kh6 {[%emt 0:00:52]} 68. g4 {[%emt 0:00:05]} Qd7 {[%emt 0:03:06]} 69. Kg3 {[%emt 0:00:28]} Qd3 {[%emt 0:00:24]} 70. Qf4+ {[%emt 0:00:18]} Kh7 {[%emt 0:00:11]} 71. Qf7+ {[%emt 0:00:46]} Kh6 {[%emt 0:00:14]} 72. g5+ {[%emt 0:00:17]} Kh5 {[%emt 0:00:37]} 73. Qf3+ {[%emt 0:00:06]} Kxg5 {[%emt 0:00:05]} 74. Qf4+ {[%emt 0:00:04]} Kh5 {[%emt 0:00:04]} 75. Qh4# 1-0

[Event "DEN-chT XtraCon 2018-19"]
[Site "Denmark"]
[Date "2018.12.09"]
[Round "4"]
[White "Sorensen, Jan"]
[Black "Matthiesen, Arne"]
[Result "1-0"]
[WhiteElo "2391"]
[BlackElo "2297"]
[Annotator "NA"]
[PlyCount "91"]
[EventDate "2018.10.27"]
[EventType "team-tourn"]
[EventCountry "DEN"]
[SourceTitle "playchess.com"]
[Source "ChessBase"]
[SourceQuality "1"]
[TimeControl "40/5400+30:1800+30"]

1. e4 {[%emt 0:00:00]} c5 {[%emt 0:00:02]} 2. Nf3 {[%emt 0:00:00]} g6 {[%emt 0:00:34]} 3. Bc4 {[%emt 0:02:02]} Bg7 {[%emt 0:00:46]} 4. c3 {[%emt 0:00:13]} e6 {[%emt 0:01:01]} 5. O-O {[%emt 0:00:42]} Ne7 {[%emt 0:01:22]} 6. d4 {[%emt 0:00:41]} cxd4 {[%emt 0:01:30]} 7. Nxd4 {[%emt 0:00:16]} a6 {[%emt 0:08:06]} 8. Bg5 {[%emt 0:02:11]} Qc7 {[%emt 0:10:46]} 9. Nd2 {[%emt 0:07:22]} Nbc6 {[%emt 0:02:10]} 10. Bb3 {[%emt 0:11:24]} O-O {[%emt 0:08:43]} 11. N2f3 {[%emt 0:03:21]} h6 {[%emt 0:10:05]} 12. Bh4 {[%emt 0:05:15]} b5 {[%emt 0:19:14]} 13. Qd2 {[%emt 0:09:43]} Bb7 {[%emt 0:00:49]} 14. Rad1 {[%emt 0:00:47]} Nxd4 {[%emt 0:06:19]} 15. Nxd4 {[%emt 0:06:55]} Nc6 {[%emt 0:04:15]} 16. Bg3 {[%emt 0:21:28]} Qb6 {[%emt 0:01:51]} 17. Nc2 {[%emt 0:02:09]} Na5 {[%emt 0:03:09]} 18. Bd6 {[%emt 0:02:08]} Rfc8 {[%emt 0:04:33]} 19. e5 {[%emt 0:01:23]} Nc4 {[%emt 0:02:50]} 20. Bxc4 {[%emt 0:00:37]} Rxc4 {[%emt 0:00:12]} 21. Rfe1 {[%emt 0:04:49]} h5 {[%emt 0:02:04]} 22. Ne3 {[%emt 0:02:00]} Rcc8 {[%emt 0:07:10]} 23. f3 {[%emt 0:03:43]} a5 {[%emt 0:00:05]} 24. a3 {[%emt 0:00:37]} Re8 {[%emt 0:01:59]} 25. Kh1 {[%emt 0:00:49]} Rac8 {[%emt 0:00:21]} 26. Qd3 {[%emt 0:00:50]} Qc6 {[%emt 0:01:00]} 27. Qd4 {[%emt 0:00:45]} Bh6 {[%emt 0:00:30]} 28. Qh4 {[%emt 0:03:51]} Bg7 {[%emt 0:00:35]} 29. Rd4 {[%emt 0:01:20]} Qb6 {[%emt 0:00:50]} 30. Qg5 {[%emt 0:01:16]} Qd8 {[%emt 0:00:52]} 31. Qf4 {[%emt 0:01:22]} g5 {[%emt 0:00:19]} 32. Qg3 {[%emt 0:00:05]} f5 {[%emt 0:00:07]} 33. exf6 {[%emt 0:01:02]} Qxf6 {[%emt 0:00:05]} 34. f4 {[%emt 0:01:28]} Qg6 {[%emt 0:01:04]} 35. Rdd1 {[%emt 0:01:17]} g4 {[%emt 0:01:19]} 36. h3 {[%emt 0:00:18]} Be4 {[%emt 0:00:44]} 37. hxg4 {[%emt 0:00:30]} hxg4 {[%emt 0:00:25]} 38. Qxg4 {[%emt 0:00:16]} Qh6+ {[%emt 0:00:37]} 39. Kg1 {[%emt 0:00:06]} Kh8 {[%emt 0:00:11]} 40. Kf2 {[%emt 0:00:43]} Qg6 {[%emt 0:00:51]} 41. Rh1+ {[%emt 0:06:57]} Kg8 {[%emt 0:00:04]} 42. Rh5 {[%emt 0:00:32]} Qxg4 {[%emt 0:08:30]} 43. Nxg4 {[%emt 0:00:06]} b4 {[%emt 0:00:10]} 44. axb4 {[%emt 0:01:36]} axb4 {[%emt 0:00:01]} 45. Be5 {[%emt 0:08:55]} Bxe5 {[%emt 0:01:24]} 46. fxe5 {[%emt 0:00:07]} 1-0

[Event "DEN-chT XtraCon 2018-19"]
[Site "Denmark"]
[Date "2018.12.09"]
[Round "4"]
[White "Jepson, Christian"]
[Black "Tari, Aryan"]
[Result "0-1"]
[WhiteElo "2389"]
[BlackElo "2620"]
[Annotator "TA"]
[PlyCount "84"]
[EventDate "2018.10.27"]
[EventType "team-tourn"]
[EventCountry "DEN"]
[SourceTitle "playchess.com"]
[Source "ChessBase"]
[SourceQuality "1"]

{[%evp 22,84,19,0,0,-39,-36,-35,-42,-24,-38,-71,-70,-70,-55,-55,-59,-70,-66,-62,-24,-41,-38,-53,-61,-60,-60,-56,-56,-56,-57,-64,-41,-48,-31,-29,-22,-25,-30,-68,-69,-133,-131,-202,-198,-174,-174,-198,-191,-230,-229,-228,-220,-295,-271,-363,-350,-397,-422,-402,-417,-401,-407,-1189,-1071]} 1. d4 Nf6 2. c4 g6 3. Nc3 d5 4. cxd5 Nxd5 5. Bd2 Nb6 6. Bg5 Bg7 7. e3 c5 {D85: Exchange Grünfeld: Unusual White 7th moves and lines with 7 Nf3} 8. dxc5 Bxc3+ 9. bxc3 Qxd1+ 10. Rxd1 N6d7 11. Bb5 (11. e4 Nxc5 12. f3 b6 13. h4 f6 14. Be3 Nbd7 15. Bb5 {½-½ (27) Stefansson,H (2581)-Swiercz,D (2656) Gjakova 2016 CBM 173 [Baldauf,M]}) 11... Nc6 12. Rd5 {LiveBook: 10 Games} f6 13. Bf4 a6 14. Ba4 e6 $1 {[%cal Re6d5,Be7e6,Be6e5][%mdl 32]} 15. Rd1 $146 {[#] Hoping for Bd6.} ({Predecessor:} 15. Rd6 Nxc5 16. Bxc6+ bxc6 {0-1 (66) Pavlovic,M (2497)-Popovic,P (2501) Vrnjacka Banja 2006}) 15... Nxc5 16. Bc2 e5 17. Bh6 Ke7 18. e4 Be6 19. Be3 b6 20. Rb1 Kd6 21. Nf3 Rhb8 22. a4 Na5 23. Nd2 Nc4 24. Nxc4+ Bxc4 25. Kd2 Kc6 26. Rhd1 Rd8+ 27. Ke1 a5 28. f3 Rab8 29. Rxd8 Rxd8 30. Rd1 Rxd1+ 31. Kxd1 $15 {[%mdl 4096] Endgame KBB-KBN} (31. Bxd1 $15 Nd3+ 32. Kd2) 31... Bb3 $17 32. Bh6 (32. Bxb3 $17 Nxb3 33. Kc2) 32... Bxa4 $19 33. Bxa4+ Nxa4 {KB-KN} 34. Bg7 Nxc3+ 35. Kd2 Nb5 36. Bxf6 Kd6 37. g3 Nd4 38. f4 Ke6 39. Bd8 b5 {[%cal Bb6b5,Bb5b4][%mdl 32]} 40. Kd3 a4 41. Bc7 Nc6 42. fxe5 (42. Kc2 $142 b4 43. Kb1) 42... b4 {Precision: White = 53%, Black = 82%.} 0-1

[Event "DEN-chT XtraCon 2018-19"]
[Site "Denmark"]
[Date "2018.12.09"]
[Round "4"]
[White "Bromann, Thorbjorn"]
[Black "Skaanning-Pedersen, Kim Henrik"]
[Result "1-0"]
[WhiteElo "2387"]
[BlackElo "2207"]
[Annotator "NA"]
[PlyCount "41"]
[EventDate "2018.10.27"]
[EventType "team-tourn"]
[EventCountry "DEN"]
[SourceTitle "playchess.com"]
[Source "ChessBase"]
[SourceQuality "1"]
[TimeControl "40/5400+30:1800+30"]

1. d4 {[%emt 0:00:00]} Nf6 {[%emt 0:00:00]} 2. Nc3 {[%emt 0:02:49]} g6 {[%emt 0:03:02]} 3. e4 {[%emt 0:00:14]} d6 {[%emt 0:00:05]} 4. Bg5 {[%emt 0:01:07]} Bg7 {[%emt 0:00:36]} 5. f4 {[%emt 0:00:08]} c6 {[%emt 0:01:48]} 6. Nf3 {[%emt 0:04:59]} b5 {[%emt 0:04:41]} 7. Bd3 {[%emt 0:00:41]} O-O {[%emt 0:01:11]} 8. O-O {[%emt 0:12:47]} Qb6 {[%emt 0:04:42]} 9. e5 {[%emt 0:10:19]} b4 {[%emt 0:05:33]} 10. Na4 {[%emt 0:07:22]} Qa5 {[%emt 0:00:22]} 11. c4 {[%emt 0:02:55]} bxc3 {[%emt 0:09:47]} 12. exf6 {[%emt 0:02:34]} exf6 {[%emt 0:00:06]} 13. Bh4 {[%emt 0:00:23]} cxb2 {[%emt 0:00:26]} 14. Nxb2 {[%emt 0:00:30]} Be6 {[%emt 0:01:39]} 15. Nc4 {[%emt 0:01:44]} Qc7 {[%emt 0:00:13]} 16. f5 {[%emt 0:02:05]} Bd5 {[%emt 0:00:23]} 17. Ne3 {[%emt 0:03:11]} Bxf3 {[%emt 0:01:14]} 18. Qxf3 {[%emt 0:03:07]} Nd7 {[%emt 0:00:26]} 19. Rfc1 {[%emt 0:10:13]} Rac8 {[%emt 0:00:41]} 20. Nd5 {[%emt 0:09:24]} Qd8 {[%emt 0:00:36]} 21. Ba6 {[%emt 0:00:07]} 1-0

[Event "DEN-chT XtraCon 2018-19"]
[Site "Denmark"]
[Date "2018.12.09"]
[Round "4"]
[White "Aabling-Thomsen, Jakob"]
[Black "Rodgaard, John"]
[Result "0-1"]
[WhiteElo "2380"]
[BlackElo "2285"]
[Annotator "NA"]
[PlyCount "94"]
[EventDate "2018.10.27"]
[EventType "team-tourn"]
[EventCountry "DEN"]
[SourceTitle "playchess.com"]
[Source "ChessBase"]
[SourceQuality "1"]
[TimeControl "40/5400+30:1800+30"]

1. e4 {[%emt 0:00:00]} e6 {[%emt 0:00:40]} 2. d3 {[%emt 0:00:13]} d5 {[%emt 0:00:21]} 3. Qe2 {[%emt 0:00:06]} Nf6 {[%emt 0:03:52]} 4. Nf3 {[%emt 0:00:19]} c5 {[%emt 0:01:17]} 5. g3 {[%emt 0:00:14]} Nc6 {[%emt 0:01:08]} 6. Bg2 {[%emt 0:00:41]} Be7 {[%emt 0:01:59]} 7. O-O {[%emt 0:01:04]} b5 {[%emt 0:04:18]} 8. e5 {[%emt 0:02:25]} Nd7 {[%emt 0:01:01]} 9. c4 {[%emt 0:00:03]} bxc4 {[%emt 0:05:08]} 10. dxc4 {[%emt 0:00:13]} Nb6 {[%emt 0:05:02]} 11. b3 {[%emt 0:04:06]} a5 {[%emt 0:13:37]} 12. Nc3 {[%emt 0:06:23]} a4 {[%emt 0:05:55]} 13. Bb2 {[%emt 0:09:19]} Ba6 {[%emt 0:05:26]} 14. Rfd1 {[%emt 0:18:42]} Qc8 {[%emt 0:06:51]} 15. Nd2 {[%emt 0:05:03]} O-O {[%emt 0:03:42]} 16. Nxa4 {[%emt 0:05:30]} Nxa4 {[%emt 0:01:59]} 17. bxa4 {[%emt 0:01:35]} Na5 {[%emt 0:01:15]} 18. Rac1 {[%emt 0:09:59]} Ra7 {[%emt 0:04:33]} 19. Qg4 {[%emt 0:08:41]} Nxc4 {[%emt 0:02:31]} 20. Bc3 {[%emt 0:00:50]} Rd8 {[%emt 0:04:43]} 21. Nf3 {[%emt 0:01:33]} Bb7 {[%emt 0:04:08]} 22. a5 {[%emt 0:04:18]} d4 {[%emt 0:10:44]} 23. Be1 {[%emt 0:04:00]} Bd5 {[%emt 0:03:12]} 24. Qh5 {[%emt 0:02:39]} h6 {[%emt 0:01:43]} 25. Bd2 {[%emt 0:09:11]} Nxd2 {[%emt 0:00:53]} 26. Rxd2 {[%emt 0:00:32]} Bxf3 {[%emt 0:01:27]} 27. Qxf3 {[%emt 0:03:19]} Bg5 {[%emt 0:00:03]} 28. Qd1 {[%emt 0:01:19]} Bxd2 {[%emt 0:00:13]} 29. Qxd2 {[%emt 0:00:02]} c4 {[%emt 0:01:17]} 30. Qb4 {[%emt 0:00:23]} c3 {[%emt 0:01:54]} 31. Bf1 {[%emt 0:00:50]} Qc7 {[%emt 0:00:51]} 32. a6 {[%emt 0:00:14]} Qxe5 {[%emt 0:00:31]} 33. Bd3 {[%emt 0:01:06]} Qd6 {[%emt 0:00:53]} 34. Qa4 {[%emt 0:00:20]} Rb8 {[%emt 0:00:37]} 35. Re1 {[%emt 0:01:27]} Qb4 {[%emt 0:01:37]} 36. Qc6 {[%emt 0:00:19]} c2 {[%emt 0:00:12]} 37. Qe4 {[%emt 0:00:02]} Qxe1+ {[%emt 0:01:02]} 38. Qxe1 {[%emt 0:00:05]} Rb1 {[%emt 0:00:04]} 39. Qxb1 {[%emt 0:00:33]} cxb1=Q+ {[%emt 0:00:05]} 40. Bxb1 {[%emt 0:00:06]} Rxa6 {[%emt 0:00:16]} 41. Kf1 {[%emt 0:31:31]} Kf8 {[%emt 0:30:29]} 42. Ke1 {[%emt 0:00:20]} Ke7 {[%emt 0:00:19]} 43. Kd2 {[%emt 0:00:34]} Ra3 {[%emt 0:00:28]} 44. f4 {[%emt 0:01:03]} Kd6 {[%emt 0:00:10]} 45. Kc2 {[%emt 0:00:00]} Kc5 {[%emt 0:00:00]} 46. Kb2 {[%emt 0:00:00]} Re3 {[%emt 0:00:00]} 47. Bh7 {[%emt 0:00:00]} f6 {[%emt 0:00:00]} 0-1

[Event "DEN-chT XtraCon 2018-19"]
[Site "Denmark"]
[Date "2018.12.09"]
[Round "4"]
[White "Rostgaard, Tobias Valentin"]
[Black "Hansen, Sune Berg"]
[Result "0-1"]
[WhiteElo "2376"]
[BlackElo "2583"]
[Annotator "TA"]
[PlyCount "80"]
[EventDate "2018.10.27"]
[EventType "team-tourn"]
[EventCountry "DEN"]
[SourceTitle "playchess.com"]
[Source "ChessBase"]
[SourceQuality "1"]

{[%evp 18,80,1,-7,0,1,4,0,0,-32,-26,-53,-46,-88,-83,-72,-84,-93,-39,-108,-62,-77,-77,-102,-100,-178,-77,-85,-73,-87,-66,-106,-93,-97,-96,-120,-114,-145,-100,-100,-100,-110,-97,-105,-105,-97,-76,-175,-170,-240,-230,-388,-352,-368,-382,-511,-548,-510,-385,-904,-920,-29987,-29988,-29988,-29989]} 1. e4 c5 2. Nf3 Nc6 3. Bb5 e6 4. O-O Nge7 5. Re1 Nd4 6. Nxd4 cxd4 7. c3 a6 8. Bf1 {B30: Sicilian: 2...Nc6 3 Bb5, lines without ...g6} Nc6 9. d3 (9. a4 Bc5 10. b4 Bb6 11. Na3 O-O 12. Nc4 Bc7 13. cxd4 d5 14. exd5 Qxd5 15. Ba3 Nxd4 {½-½ (56) Ragger,M (2657)-Fedorov,A (2573) Katowice 2017}) 9... Bc5 10. Nd2 {LiveBook: 11 Games. The position is equal.} e5 11. Nf3 $146 ({Predecessor:} 11. Nb3 d6 12. Nxc5 dxc5 13. f4 O-O 14. Be2 Qd6 15. Rf1 b5 {½-½ (46) Schilling,H (2049)-Arnold,G (2234) ICCF email 2013}) 11... d6 12. Bg5 f6 {[%cal Bf7f6,Bf6g5,Bg5g4][%mdl 32]} 13. cxd4 Nxd4 14. Nxd4 fxg5 15. Nf5 O-O 16. d4 exd4 17. Bd3 Qf6 (17... g6 $17 18. b4 Bb6 19. Qb3+ Kh8) 18. Qc2 (18. Rc1 $15) 18... Qe5 19. Qd2 g4 20. Qg5 {aiming for Nh6+.} g6 21. Qe7 (21. b4 $17 {was necessary.} Bxb4 22. Reb1) 21... Qxe7 ({And not} 21... Bxf5 22. exf5 Qxe7 23. Rxe7 $11) (21... Be6 $19 22. Re2 Kh8) 22. Nxe7+ $17 Kg7 23. Nd5 a5 {[%cal Ba6a5,Ba5a4][%mdl 32]} 24. Rac1 b6 25. a3 {[#] Black should prevent b4.} a4 $1 26. Nb4 Bb7 27. Bb5 Rf7 28. Nd3 Re7 29. e5 dxe5 30. Rxe5 Rxe5 31. Nxe5 Ra5 32. Bd3 (32. Bf1 $17) 32... Bd6 $19 33. Nd7 (33. f4 {keeps fighting.}) 33... Rh5 34. g3 $2 (34. Rc4 {might work better.} Rxh2 35. Bf1) 34... b5 35. Nb6 Re5 36. Nd7 Re7 37. Bxb5 {[#] intending Nb6.} d3 $1 {[%cal Bd4d3,Bd3d2][%mdl 544]} 38. Rd1 $2 (38. Bxd3 Rxd7 39. Bb5) 38... Bf3 39. Rf1 d2 40. Bxa4 Re1 {Accuracy: White = 26%, Black = 53%.} 0-1

[Event "DEN-chT XtraCon 2018-19"]
[Site "Denmark"]
[Date "2018.12.09"]
[Round "4"]
[White "Christensen, Tobias"]
[Black "Lindfeldt, Jan Magnus"]
[Result "1-0"]
[WhiteElo "2347"]
[BlackElo "2263"]
[Annotator "NA"]
[PlyCount "63"]
[EventDate "2018.10.27"]
[EventType "team-tourn"]
[EventCountry "DEN"]
[SourceTitle "playchess.com"]
[Source "ChessBase"]
[SourceQuality "1"]
[TimeControl "40/5400+30:1800+30"]

1. d4 {[%emt 0:11:13]} g6 {[%emt 0:00:19]} 2. c4 {[%emt 0:03:39]} Bg7 {[%emt 0:00:09]} 3. Nc3 {[%emt 0:00:09]} d6 {[%emt 0:00:24]} 4. Nf3 {[%emt 0:01:05]} Nf6 {[%emt 0:03:28]} 5. e4 {[%emt 0:00:25]} O-O {[%emt 0:00:10]} 6. Be2 {[%emt 0:00:09]} Na6 {[%emt 0:02:46]} 7. O-O {[%emt 0:00:08]} e5 {[%emt 0:00:23]} 8. dxe5 {[%emt 0:00:04]} dxe5 {[%emt 0:00:06]} 9. Qxd8 {[%emt 0:00:06]} Rxd8 {[%emt 0:00:04]} 10. Be3 {[%emt 0:00:09]} Ng4 {[%emt 0:30:30]} 11. Rfd1 {[%emt 0:00:06]} Be6 {[%emt 0:22:32]} 12. Rxd8+ {[%emt 0:13:27]} Rxd8 {[%emt 0:00:12]} 13. Bxa7 {[%emt 0:00:16]} b6 {[%emt 0:03:45]} 14. Ng5 {[%emt 0:01:59]} Nf6 {[%emt 0:02:19]} 15. Nxe6 {[%emt 0:05:21]} fxe6 {[%emt 0:00:10]} 16. a4 {[%emt 0:01:13]} Nb4 {[%emt 0:12:18]} 17. c5 {[%emt 0:05:07]} Rd2 {[%emt 0:04:22]} 18. cxb6 {[%emt 0:14:54]} cxb6 {[%emt 0:00:08]} 19. Bc4 {[%emt 0:12:28]} Bf8 {[%emt 0:02:32]} 20. Bxb6 {[%emt 0:06:15]} Rxb2 {[%emt 0:01:00]} 21. Bxe6+ {[%emt 0:03:01]} Kg7 {[%emt 0:00:04]} 22. a5 {[%emt 0:00:49]} Rc2 {[%emt 0:02:05]} 23. Nd5 {[%emt 0:00:24]} Nfxd5 {[%emt 0:06:21]} 24. Bxd5 {[%emt 0:00:35]} Bc5 {[%emt 0:00:16]} 25. Bxc5 {[%emt 0:02:23]} Rxc5 {[%emt 0:00:05]} 26. f4 {[%emt 0:03:18]} exf4 {[%emt 0:03:20]} 27. a6 {[%emt 0:02:38]} Nxd5 {[%emt 0:00:47]} 28. exd5 {[%emt 0:00:04]} Rc8 {[%emt 0:00:04]} 29. d6 {[%emt 0:00:40]} Kf7 {[%emt 0:00:18]} 30. d7 {[%emt 0:00:21]} Ra8 {[%emt 0:00:07]} 31. Re1 {[%emt 0:00:33]} Rd8 {[%emt 0:00:47]} 32. a7 {[%emt 0:00:15]} 1-0